000 00712nam a2200241Ia 4500
003 OSt
005 20220927105200.0
006 a|||||r|||| 00| 0
007 ta
008 220926b |||||||| |||| 00| 0 eng d
024 _a186523
037 _cReference Collections
040 _aRTL
_cRTL
_beng
041 _2eng
_aeng
082 _a"Eb4.2.d.N86<N81r, N6"
110 _aINDIAN COUNCIL OF SOCIAL SCIENCE RESEARCH
245 0 _a"Annual report,1981-86."
260 _aNew
_bDelhi ICSSR
_c1986
300 _a255p.
_ccm.
700 _aINDIAN COUNCIL OF SOCIAL SCIENCE RESEARCH
942 _h"Eb4.2.d.N86<N81r, N6"
_cCC
999 _c691035
_d691035